000
00333nam a2200145Ia 4500
008
090123s9999 xx 000 0 und d
082
_b
25639
245
_a
खतरा
250
_a
0
260
_b
राज पॉकेट बुक्स
300
_a
62
630
_a
खतरा
730
_a
खतरा
942
_c
BOOK
999
_c
63710
_d
63710